[Event "AUTO-ADV-4326"]
[Site "http://www.queenalice.com/game.php?id=1607363"]
[Date "2020.4.13"]
[Round "1"]
[White "ALDROB"]
[Black "Gojo"]
[Result "0-1"]
[WhiteElo "1810"]
[BlackElo "1879"]

1. e4 c6 2. d4 d5 3. Nd2 dxe4 4. Nxe4 Bf5 5. Ng3 Bg6 6. h4 h5 7. Nf3 e6 8. Ne5
Ne7 9. Bc4 Nd7 10. Bg5 f6 11. Nxg6 Nxg6 12. Bd2 Bd6 13. Nxh5 Qe7 14. O-O Nxh4
15. Re1 Nf8 16. d5 b5 17. Bb3 cxd5 18. Bxd5 Rc8 19. c4 Be5 20. Bxe6 Nxe6 21. f4
Bd4+ 22. Kh1 Kf7 23. Qg4 f5 24. Qe2 g6 25. Bb4 Qd7 0-1

[Event "AUTO-ADV-4326"]
[Site "http://www.queenalice.com/game.php?id=1607364"]
[Date "2020.4.13"]
[Round "1"]
[White "Gojo"]
[Black "ALDROB"]
[Result "1-0"]
[WhiteElo "1883"]
[BlackElo "1834"]

1. e4 c6 2. d4 d5 3. e5 Bf5 4. Nf3 e6 5. h3 h5 6. c4 Ne7 7. Bg5 Nd7 8. cxd5 cxd5
9. Nc3 f6 10. exf6 gxf6 11. Bf4 Qb6 12. Nb5 e5 13. dxe5 fxe5 14. Nxe5 a6 15.
Nxd7 Qa5+ 16. Bd2 Qxb5 17. Bxb5 axb5 18. Nf6+ 1-0

[Event "AUTO-ADV-4331"]
[Site "http://www.queenalice.com/game.php?id=1608820"]
[Date "2020.4.22"]
[Round "1"]
[White "Elcid"]
[Black "Gojo"]
[Result "1-0"]
[WhiteElo "1902"]
[BlackElo "1886"]

1. d4 d5 2. Bf4 e6 3. e3 Nf6 4. c3 Nbd7 5. Nd2 Nh5 6. Qxh5 Nf6 7. Qd1 c6 8. Ngf3
Be7 9. h3 O-O 10. Bd3 Nh5 11. Bh2 f5 12. Ne5 Nf6 13. Ndf3 c5 14. O-O Ne4 15. c4
cxd4 16. exd4 Qe8 17. cxd5 exd5 18. Qb3 Qd8 19. Bf4 Rb8 20. Nc6 bxc6 21. Bxb8
Bh4 22. Rac1 Bd7 23. Bxa7 Qf6 24. Bc5 Nxc5 25. dxc5 Be8 26. Qc3 Bh5 27. Qxf6
Rxf6 28. Nxh4 g6 29. Rfe1 Kg7 30. Re7+ Kh6 31. b4 g5 32. Nxf5+ 1-0

[Event "AUTO-ADV-4331"]
[Site "http://www.queenalice.com/game.php?id=1608821"]
[Date "2020.4.22"]
[Round "1"]
[White "Gojo"]
[Black "Elcid"]
[Result "1-0"]
[WhiteElo "1861"]
[BlackElo "1952"]

1. e4 e6 2. d4 d5 3. Nc3 Nf6 4. e5 Nfd7 5. Nf3 c5 6. Be2 Nc6 7. O-O Qb6 8. Nb5
cxd4 9. Nbxd4 Nxd4 10. Nxd4 Bc5 11. Nb5 Nxe5 12. a4 O-O 13. a5 Qd8 14. Kh1 a6
15. Nc3 Bd7 16. f4 Nc6 17. Bd3 Ne7 18. Qg4 Nf5 19. Rf3 Qh4 20. Qxh4 Nxh4 21. Rh3
Be7 22. Bd2 Bc6 23. Rg1 d4 24. Ne2 h6 25. Nxd4 Bd5 26. f5 Bc5 27. Rxh4 e5 28.
Nb3 Bxg1 29. Kxg1 Rfe8 30. Nc5 Rac8 31. Nd7 e4 32. f6 exd3 33. cxd3 Re2 34. Bc3
Rxg2+ 35. Kf1 Re8 36. fxg7 Rd8 37. Nf6+ Kxg7 38. Nxd5+ 1-0

[Event "AUTO-ADV-4331"]
[Site "http://www.queenalice.com/game.php?id=1608836"]
[Date "2020.4.22"]
[Round "1"]
[White "Gojo"]
[Black "Parma"]
[Result "1-0"]
[WhiteElo "1857"]
[BlackElo "1700"]

1. e4 c5 2. Nc3 d6 3. f4 e6 4. Nf3 Be7 5. Bc4 Nf6 6. O-O O-O 7. d3 a6 8. Qe1 Nc6
9. Qg3 Nh5 10. Qg4 g6 11. Ng5 Bxg5 12. fxg5 Ne5 13. Qh3 Nxc4 14. dxc4 e5 15. Qh4
f5 16. exf5 Ng7 17. f6 Nf5 18. Qf2 Rf7 19. Nd5 Be6 20. a4 Bxd5 21. cxd5 b5 22.
axb5 axb5 23. Bd2 b4 24. g3 Rfa7 25. Rxa7 Rxa7 26. g4 Nd4 27. f7+ Kf8 28. c3
bxc3 29. bxc3 Nb5 30. h4 Ra2 31. h5 Nxc3 32. hxg6 hxg6 33. Qh2 Rxd2 34. Qh8+ Ke7
35. f8=Q+ 1-0

[Event "AUTO-ADV-4331"]
[Site "http://www.queenalice.com/game.php?id=1608837"]
[Date "2020.4.22"]
[Round "1"]
[White "Parma"]
[Black "Gojo"]
[Result "1-0"]
[WhiteElo "1677"]
[BlackElo "1859"]

1. d4 d5 2. c4 e6 3. e3 Nf6 4. Nf3 c6 5. Nc3 Nbd7 6. Be2 Bd6 7. O-O O-O 8. a3
Qa5 9. c5 Be7 10. b4 Qc7 11. h3 e5 12. dxe5 Nxe5 13. Bb2 Nxf3+ 14. Bxf3 b6 15.
cxb6 Qe5 16. bxa7 Bd6 17. Re1 Ba6 18. g3 Rxa7 19. Rc1 Qf5 20. h4 Re8 21. Bg2 Ng4
22. Rc2 Qg6 23. Rd2 Nxf2 24. Rxf2 Bxg3 25. Qf3 Bxf2+ 26. Qxf2 Bc8 27. Ne2 Rae7
28. Bd4 Bh3 29. Nf4 Qg4 30. Nxh3 h6 31. Kh2 Qg6 32. Qg3 Qxg3+ 33. Kxg3 Ra8 34.
Bb2 Rd8 35. Kf4 d4 36. e4 d3 37. Rd1 d2 38. Bc3 Red7 39. Nf2 f6 40. Ke3 Ra7 41.
Bb2 h5 42. Nd3 g5 43. Bxf6 Rxa3 44. Bxd8 1-0

[Event "AUTO-ADV-4331"]
[Site "http://www.queenalice.com/game.php?id=1608838"]
[Date "2020.4.22"]
[Round "1"]
[White "Gojo"]
[Black "jdalcheco"]
[Result "0-1"]
[WhiteElo "1943"]
[BlackElo "1986"]

1. e4 e6 2. d4 d5 3. e5 c5 4. Nf3 Nc6 5. b3 cxd4 6. Nxd4 Bd7 7. Bb2 Nge7 8. Be2
Ng6 9. Nf3 Qc7 10. O-O a6 11. Nbd2 Ncxe5 12. Nxe5 Nxe5 13. f4 Ng6 14. g3 Bc5+
15. Kh1 O-O 16. Nf3 Bc6 17. h3 Rad8 18. Nd4 Bd7 19. Nf3 f6 20. Bc1 e5 21. Qxd5+
Kh8 22. Kg2 Bxh3+ 23. Kxh3 Rxd5 24. f5 e4 25. Nd2 e3 26. Nc4 Ne5 27. Nxe3 Bxe3
28. Bxe3 Qxc2 29. Bh5 g6 30. Rf2 Qe4 31. Bh6 Rfd8 0-1

[Event "AUTO-ADV-4331"]
[Site "http://www.queenalice.com/game.php?id=1608839"]
[Date "2020.4.22"]
[Round "1"]
[White "jdalcheco"]
[Black "Gojo"]
[Result "0-1"]
[WhiteElo "2005"]
[BlackElo "1924"]

1. d4 d5 2. c4 e6 3. Nc3 Nf6 4. Nf3 Nbd7 5. Bf4 c6 6. e3 Qa5 7. c5 b6 8. cxb6
axb6 9. Bd3 b5 10. O-O b4 11. Nb1 Qb6 12. Nbd2 c5 13. b3 Be7 14. Qc2 cxd4 15.
exd4 h6 16. h3 g5 17. Be3 g4 18. hxg4 Nxg4 19. Ne5 Ngxe5 20. dxe5 Qb8 21. f4 Ra5
22. Kf2 Bc5 23. Bxc5 Rxc5 24. Qd1 Rc3 25. Qe2 Qa7+ 26. Ke1 Nc5 27. Bb5+ Bd7 28.
Bxd7+ Kxd7 29. Qb5+ Kc7 30. Qxb4 Nd3+ 0-1

[Event "AUTO-ADV-4333"]
[Site "http://www.queenalice.com/game.php?id=1609311"]
[Date "2020.4.26"]
[Round "1"]
[White "Nille"]
[Black "Gojo"]
[Result "1-0"]
[WhiteElo "1911"]
[BlackElo "1913"]

1. e4 c6 2. Nf3 d5 3. exd5 cxd5 4. d4 Bf5 5. Nc3 e6 6. a3 Bd6 7. Bd2 Nf6 8. Bb5+
Nc6 9. h3 h6 10. O-O a6 11. Bxc6+ bxc6 12. b4 e5 13. dxe5 Bc7 14. exf6 Qxf6 15.
Re1+ Kd7 16. Na4 Qg6 17. Nc5+ Kc8 18. Nh4 Qf6 19. Nxf5 Qxf5 20. Qe2 Kb8 21. Bc3
Rg8 22. Nxa6+ Kb7 23. Nxc7 Kxc7 24. Qe7+ Kb6 25. Bd4+ Ka6 26. a4 Rgb8 27. Qc5
Qd7 28. b5+ Kb7 29. Re7 1-0

[Event "AUTO-ADV-4333"]
[Site "http://www.queenalice.com/game.php?id=1609312"]
[Date "2020.4.26"]
[Round "1"]
[White "Gojo"]
[Black "Nille"]
[Result "1-0"]
[WhiteElo "1867"]
[BlackElo "1935"]

1. e4 e5 2. Nf3 d6 3. d4 exd4 4. Nxd4 h6 5. Bc4 a6 6. O-O Nf6 7. Nc3 b5 8. Bb3
c5 9. Bxf7+ Kxf7 10. Nf3 Be7 11. Nd5 Re8 12. Nxe7 Rxe7 13. e5 Ne8 14. Qd5+ Be6
15. Qxa8 d5 16. a4 Qb6 17. a5 Qd8 18. Ng5+ hxg5 19. Bxg5 Bf5 20. Bxe7 Kxe7 21.
Qa7+ Nc7 22. Qxc5+ Kf7 23. Rfe1 Ne6 24. Qe3 Bxc2 25. Rec1 Bf5 26. Qa7+ Kg6 27.
Rc3 d4 28. Rg3+ Kh7 29. Qf7 Qf8 30. Qh5+ Kg8 31. Qf3 Nd7 32. Qd5 Qc8 33. h3 Kh8
34. Qf3 Bh7 35. Re1 Nec5 36. Qf7 Qf8 37. e6 Qxf7 38. exf7 Nf8 39. Re5 Nce6 40.
Rg4 g6 41. Rd5 Kg7 42. Rd6 Kxf7 43. Rxa6 d3 44. Rd6 g5 45. Rg3 Nc5 46. Rf3+ Kg8
47. Kf1 Nb7 48. Rdf6 Nd7 49. Rf7 Nbc5 50. a6 Ne5 51. Rf8+ Kg7 52. a7 Be4 53.
a8=Q Bxa8 54. Rxa8 d2 55. Ke2 Nxf3 56. gxf3 d1=Q+ 57. Kxd1 Nd3 58. Ke2 Nf4+ 59.
Kf1 Nxh3 60. Rb8 Nf4 61. Rxb5 Kg6 62. b4 Kh5 63. Rb8 Nd5 64. b5 Nb4 65. b6 Nc6
66. Rh8+ Kg6 67. b7 Kg7 68. Rc8 1-0

[Event "AUTO-ADV-4333"]
[Site "http://www.queenalice.com/game.php?id=1609325"]
[Date "2020.4.26"]
[Round "1"]
[White "Gojo"]
[Black "Prosperidade"]
[Result "0-1"]
[WhiteElo "1875"]
[BlackElo "1885"]

1. e4 e5 2. Nf3 d6 3. d4 exd4 4. Nxd4 a6 5. Bc4 c5 6. Nf3 h6 7. O-O Nc6 8. Nc3
Nf6 9. a3 Be7 10. Nd5 O-O 11. Qe2 Re8 12. Bf4 Bf8 13. Rad1 Bg4 14. h3 Bh5 15. e5
Nxd5 16. Bxd5 Nd4 17. Qc4 b5 18. Qd3 dxe5 19. Bxa8 Qxa8 20. Bxe5 Nxf3+ 21. gxf3
Rxe5 22. f4 Be2 23. Qg3 Re8 24. Kh2 c4 25. Rg1 Bxd1 26. Rxd1 Re2 27. f5 Bc5 28.
Rf1 Qd5 29. f6 Bd6 0-1

[Event "AUTO-ADV-4333"]
[Site "http://www.queenalice.com/game.php?id=1609326"]
[Date "2020.4.26"]
[Round "1"]
[White "Prosperidade"]
[Black "Gojo"]
[Result "1-0"]
[WhiteElo "2009"]
[BlackElo "1871"]

1. e4 c6 2. d4 d5 3. e5 Bf5 4. Nf3 e6 5. a3 Qa5+ 6. Bd2 Qc7 7. c4 Nd7 8. c5 b6
9. b4 f6 10. Bf4 g5 11. Bg3 h5 12. h3 bxc5 13. bxc5 Qa5+ 14. Qd2 Qxd2+ 15. Nbxd2
Rb8 16. Ra2 Bg7 17. Be2 h4 18. Bh2 g4 19. hxg4 Bxg4 20. O-O h3 21. g3 f5 22. Rb1
Ke7 23. Rab2 Nh6 24. Bf1 Nf7 25. Nh4 Bh5 26. Bxh3 Rxb2 27. Rxb2 Bh6 28. Kg2 Ng5
29. f4 Nxh3 30. Kxh3 Bg4+ 31. Kg2 Rg8 32. Kf2 Bh5 33. Rb7 Ra8 34. Ng2 Kd8 35.
Nf3 Kc8 36. Rb2 a5 37. Ne3 a4 38. Nd1 Bxf3 39. Kxf3 Bf8 40. g4 fxg4+ 41. Kxg4
Be7 42. f5 exf5+ 43. Kxf5 Ra6 44. e6 Nf8 45. Rb8# 1-0

[Event "AUTO-ADV-4333"]
[Site "http://www.queenalice.com/game.php?id=1609327"]
[Date "2020.4.26"]
[Round "1"]
[White "Gojo"]
[Black "mennecy91"]
[Result "0-1"]
[WhiteElo "1886"]
[BlackElo "2011"]

1. e4 c5 2. Nc3 Nc6 3. f4 d6 4. Nf3 g6 5. Bc4 Bg7 6. O-O Nf6 7. d3 O-O 8. Qe1
Nb4 9. Bb3 Be6 10. Nd5 Nfxd5 11. a3 Nxc2 12. Bxc2 Nb6 13. Qh4 Bf6 14. Ng5 Bxg5
15. fxg5 Nd7 16. Rf3 Ne5 17. Rg3 Qa5 18. Re3 Rac8 19. h3 Qb5 20. a4 Qa5 21. Bd1
c4 22. Bg4 cxd3 23. Bxe6 fxe6 24. Qe1 Qxe1+ 25. Rxe1 Rc2 26. Be3 Nc4 27. Bd4 e5
28. Bxa7 b6 29. Rf1 Ra8 30. b3 Nd2 31. Bxb6 Nxf1 32. Kxf1 Rac8 33. Rd1 Rc1 34.
Ke1 R8c3 35. Kd2 R1c2+ 36. Ke3 d2+ 37. Ke2 Rxb3 38. a5 Ra2 39. Rxd2 Ra4 40. Kf2
Rxe4 41. Ra2 Reb4 42. Bc7 Rb2+ 43. Rxb2 Rxb2+ 44. Kf3 Kf7 45. a6 Ra2 46. h4 Rxa6
0-1

[Event "AUTO-ADV-4333"]
[Site "http://www.queenalice.com/game.php?id=1609328"]
[Date "2020.4.26"]
[Round "1"]
[White "mennecy91"]
[Black "Gojo"]
[Result "1-0"]
[WhiteElo "2012"]
[BlackElo "1897"]

1. d4 d5 2. Nf3 e6 3. Bg5 Nf6 4. e3 Nbd7 5. Bd3 Bd6 6. Nbd2 e5 7. dxe5 Nxe5 8.
Nxe5 Bxe5 9. c3 c6 10. O-O Qc7 11. f4 Bd6 12. h3 Be7 13. Nf3 Be6 14. Nd4 Bc8 15.
Nf5 Bxf5 16. Bxf5 g6 17. Bc2 h6 18. Bh4 g5 19. fxg5 Nd7 20. Qh5 Ne5 21. gxh6
O-O-O 22. Bg3 Bd6 23. Bxe5 Bxe5 24. Rf3 f6 25. h7 c5 26. Raf1 Rd7 27. Bf5 Kb8
28. Bxd7 Qxd7 29. Qh6 Rxh7 30. Qf8+ Kc7 31. Qxc5+ Kb8 32. Rxf6 Bxf6 33. Rxf6 b6
34. Qd6+ Qxd6 35. Rxd6 1-0

[Event "AUTO-ADV-4311"]
[Site "http://www.queenalice.com/game.php?id=1619249"]
[Date "2020.7.4"]
[Round "2"]
[White "Gojo"]
[Black "grepovsky"]
[Result "1-0"]
[WhiteElo "1915"]
[BlackElo "2238"]

1. e4 c5 2. Nc3 Nc6 3. g3 g6 4. Bg2 Bg7 5. d3 d6 6. f4 e5 7. Nge2 Nge7 8. O-O
O-O 9. fxe5 dxe5 10. Nd5 h6 11. Nf6+ Kh8 12. Nc3 Bxf6 13. Rxf6 Kg7 14. Rf2 Be6
15. Qd2 Qd7 16. Qxh6+ Kg8 17. Bg5 f5 18. Nd5 Rf7 19. Nf6+ 1-0

[Event "AUTO-ADV-4311"]
[Site "http://www.queenalice.com/game.php?id=1619250"]
[Date "2020.7.4"]
[Round "2"]
[White "grepovsky"]
[Black "Gojo"]
[Result "1-0"]
[WhiteElo "2295"]
[BlackElo "1944"]

1. e4 c6 2. d4 d5 3. exd5 cxd5 4. c4 dxc4 5. Bxc4 Nf6 6. Nc3 Nbd7 7. Nf3 e6 8.
O-O g6 9. Re1 Nb6 10. Bb3 Bg7 11. Ne5 O-O 12. Bg5 Nbd7 13. Qf3 Qc7 14. Rad1 Nxe5
15. dxe5 Nd7 16. Bf4 Nxe5 17. Qg3 f6 18. Bxe5 fxe5 19. Ne4 a5 20. Rd6 Qf7 21.
Qh3 Kh8 22. Bxe6 Bxe6 23. Qxe6 Qxe6 24. Rxe6 b5 25. Rc1 Rfc8 26. Rec6 Rxc6 27.
Rxc6 Rd8 28. g3 h6 29. Kf1 Kh7 30. Ke2 h5 31. Ng5+ Kg8 32. Rxg6 Rd5 33. Ne6 Rd7
34. Rg5 Re7 35. Nxg7 Rxg7 36. Rxe5 1-0

[Event "AUTO-ADV-4311"]
[Site "http://www.queenalice.com/game.php?id=1619251"]
[Date "2020.7.4"]
[Round "2"]
[White "Gojo"]
[Black "dave_j"]
[Result "1-0"]
[WhiteElo "1868"]
[BlackElo "1959"]

1. e4 c5 2. Nc3 Nc6 3. g3 e5 4. Bg2 Nf6 5. Nge2 d6 6. O-O Be7 7. d3 h6 8. f4 Bg4
9. h3 Bxe2 10. Qxe2 Nd4 11. Qd1 Qd7 12. a4 O-O 13. f5 Kh7 14. g4 Ng8 15. g5 Bxg5
16. Bxg5 hxg5 17. Qh5+ Nh6 18. Nd5 f6 19. Rf2 Qf7 20. Qd1 Rac8 21. c3 Nc6 22.
Bf3 Qd7 23. Bh5 Ne7 24. Qf3 Qd8 25. h4 Nxd5 26. exd5 Qe7 27. hxg5 fxg5 28. Bg6+
Kh8 29. Rh2 Rf6 30. Kg2 Rcf8 31. Qh3 e4 32. Rah1 Rxg6 33. fxg6 Qf6 34. Qe3 exd3
35. Rd1 Kg8 36. Qe6+ Rf7 37. Qxf6 Rxf6 38. Rxd3 Kf8 39. Rf3 Nf5 40. Rh8+ Ke7 41.
Kh3 g4+ 42. Kxg4 Nh6+ 43. Rxh6 gxh6 44. Re3+ Kf8 45. Kh5 1-0

[Event "AUTO-ADV-4311"]
[Site "http://www.queenalice.com/game.php?id=1619252"]
[Date "2020.7.4"]
[Round "2"]
[White "dave_j"]
[Black "Gojo"]
[Result "1-0"]
[WhiteElo "1946"]
[BlackElo "1881"]

1. d4 d5 2. Nf3 Bf5 3. e3 Nf6 4. h3 e6 5. Bd3 Bxd3 6. Qxd3 Be7 7. Nc3 O-O 8. Ne5
c5 9. Qb5 b6 10. O-O a6 11. Qd3 cxd4 12. exd4 Nfd7 13. Ng4 Nf6 14. Nh6+ Kh8 15.
Ng4 Qd6 16. a3 Nxg4 17. hxg4 Nc6 18. Ne2 e5 19. f4 exf4 20. Bxf4 Qe6 21. g5 Ra7
22. Rae1 Nd8 23. Nc3 Qc6 24. Re2 b5 25. Re5 Rd7 26. Rfe1 Ne6 27. Bd2 Re8 28. Rf1
Bd6 29. Ref5 Qb7 30. Ne2 Bb8 31. c3 Qc7 32. g3 g6 33. Rf6 Rde7 34. Qf3 Nd8 35.
Nf4 Qd7 36. Rxa6 Nc6 37. Nxd5 Re2 38. Nf6 Qh3 39. Rf2 Rxf2 40. Qxf2 Bxg3 41. Qg2
Bh2+ 42. Qxh2 Qc8 43. Qxh7# 1-0

[Event "AUTO-ADV-4311"]
[Site "http://www.queenalice.com/game.php?id=1619253"]
[Date "2020.7.4"]
[Round "2"]
[White "Gojo"]
[Black "CERVERO"]
[Result "1-0"]
[WhiteElo "1888"]
[BlackElo "1845"]

1. e4 c5 2. Nc3 d6 3. f4 Nf6 4. Bc4 e6 5. d4 cxd4 6. Qxd4 Nc6 7. Qd1 Be7 8. Nf3
Qb6 9. h3 a6 10. Bb3 Bd7 11. Na4 Qc7 12. Qe2 b5 13. Nc3 Na5 14. Nd2 Nxb3 15.
Nxb3 Bc6 16. e5 dxe5 17. fxe5 Nd5 18. Nxd5 Bxd5 19. Nd4 Rd8 20. Be3 Bc4 21. Qh5
Bd5 22. Bf4 h6 23. O-O g6 24. Qg4 Bc5 25. c3 Be7 26. Rf2 g5 27. Bh2 h5 28. Qe2
Bc4 29. Qf3 Rh7 30. a4 Bd5 31. Qd3 Rg7 32. axb5 Bc4 33. Qd1 axb5 34. Qxh5 Bf8
35. b3 Bd3 36. Nxe6 1-0

[Event "AUTO-ADV-4311"]
[Site "http://www.queenalice.com/game.php?id=1619254"]
[Date "2020.7.4"]
[Round "2"]
[White "CERVERO"]
[Black "Gojo"]
[Result "0-1"]
[WhiteElo "1832"]
[BlackElo "1902"]

1. d4 d5 2. Nc3 Nf6 3. Bg5 e6 4. Nf3 h6 5. Bh4 Nbd7 6. Ne5 g5 7. Bg3 c5 8. Nxd7
Bxd7 9. e3 Qb6 10. Rb1 Ng8 11. Be2 Bd6 12. Bxd6 Qxd6 13. dxc5 Qxc5 14. Qd2 O-O-O
15. Qd4 Qxd4 16. exd4 Nf6 17. h3 Rde8 18. Kd2 e5 19. dxe5 Rxe5 20. Rhe1 d4 21.
Nd1 Rhe8 22. f3 R8e7 23. Nf2 Nh5 24. Ng4 R5e6 25. Bc4 Rxe1 26. Rxe1 Be6 27.
Bxe6+ fxe6 28. Ne5 Kc7 29. Nd3 Kd6 30. Re4 e5 31. Re1 Ng3 32. Nf2 b5 33. Ne4+
Nxe4+ 34. Rxe4 Kd5 35. Kd3 Rf7 36. h4 Rf4 37. Rxf4 gxf4 38. b3 b4 39. Ke2 h5 40.
Kd3 a6 41. Ke2 e4 42. fxe4+ Kxe4 43. Kd2 f3 44. gxf3+ Kxf3 45. Kd3 Kg4 46. Kxd4
Kxh4 47. c4 Kg5 48. c5 Kf6 49. c6 Ke7 50. Ke4 Kd6 51. c7 Kxc7 52. Kf4 Kc6 53.
Kg5 Kd5 0-1

[Event "Rush"]
[Site "http://www.queenalice.com/game.php?id=1627240"]
[Date "2020.9.17"]
[Round "-"]
[White "bobifixer"]
[Black "Gojo"]
[Result "1/2-1/2"]
[WhiteElo "2078"]
[BlackElo "1921"]

1. d4 d5 2. Nf3 Nf6 3. g3 e6 4. Bg2 Be7 5. O-O O-O 6. Nbd2 c6 7. c3 Nbd7 8. Qc2
b6 9. e4 dxe4 10. Nxe4 Nxe4 11. Qxe4 Bb7 12. Qc2 c5 13. h4 h6 14. Bf4 cxd4 15.
cxd4 Rc8 16. Qa4 a5 17. Ne5 Bxg2 18. Kxg2 Nxe5 19. dxe5 Qd5+ 20. Kg1 Rc4 21. Qb3
b5 22. Rad1 Qc6 23. Rd2 Bxh4 24. Rfd1 Be7 25. Rd7 Bc5 26. Qd3 Bb6 27. Rd6 Qb7
28. b3 Rcc8 29. Rd7 Bc7 30. Rc1 Qb8 31. a3 g5 32. Bd2 b4 33. axb4 axb4 34. Bxb4
Bxe5 35. Rxc8 Rxc8 36. Bd2 Qa8 37. b4 Qa1+ 38. Kg2 Kg7 39. Rxf7+ Kxf7 40. Qd7+
Kf6 41. Qxc8 Qd4 42. Qf8+ Kg6 43. Be3 Qe4+ 44. Kf1 Bxg3 45. Qe8+ Kf6 46. Qf8+
Kg6 47. Qe8+ Kg7 48. Qe7+ Kg6 49. Qe8+ Kg7 50. Qe7+ Kg6 51. Qe8+ Kg7 52. Qe7+
Kg6 1/2-1/2